000 00466nam a2200181Ia 4500
005 20250923144226.0
008 008 250917s9999 xx 000 0 eng d
037 _aTextual
040 _aDSWL
_beng
_cDSWL
041 _aeng
_2eng
084 _qDSWL
100 _aWard, L.F.
_9822575
245 0 _aApplied sociology
_cby L.F. Ward
260 _aNew York
_b MaCmillian
_c1906
300 _a384 p.
942 _cTEXL
999 _c1436288
_d1436288